000 01358nam0a2200361 4500
001 RU\NLR\BIBL_A\022547738
005 20260420044756.0
010 _a978-5-907904-33-0
_9500
021 _aRU
_bКН-П-25-017111
_9КН-П-25-1733
035 _a(NLR Aleph) 022547738
090 _a13673047
_c13673047
100 _a20250522d2024 u y0rusy50 ca
101 0 _arus
102 _aRU
105 _aa|||z|||000gy
181 0 _ai3
_baxxe
181 0 _ab1
_bbb2e
182 0 _an
200 1 _aБоги и герои
_eстихотворения и поэмы
_fМарина Чайка
_g[иллюстратор: Полина Кеменова]
203 _aТекст
_aИзображение
_bвизуальные
_cнепосредственные
210 _aСанкт-Петербург
_cЧетыре
_d2024
215 _a298, [1] с.
_cцв. ил.
_d22
327 1 _aСодерж.: циклы: Боги и герои; Исторические размышления
333 _a16+
686 2 _aШ6(2=Р)8-5
700 1 _aЧайка
_bМ. В.
_gМарина Викторовна
702 1 _aКеменова
_bП.
_gПолина
_4440
942 _cBOOK
980 _aNB